LEADER 02398nam 2200661Ia 450 001 9910457575403321 005 20200520144314.0 010 $a1-316-08620-8 010 $a1-280-75012-X 010 $a0-511-26539-5 010 $a0-511-26611-1 010 $a0-511-26385-6 010 $a0-511-33162-2 010 $a0-511-26468-2 035 $a(CKB)1000000000352881 035 $a(EBL)283602 035 $a(OCoLC)476030672 035 $a(SSID)ssj0000305156 035 $a(PQKBManifestationID)12106739 035 $a(PQKBTitleCode)TC0000305156 035 $a(PQKBWorkID)10285900 035 $a(PQKB)10166945 035 $a(MiAaPQ)EBC283602 035 $a(Au-PeEL)EBL283602 035 $a(CaPaEBR)ebr10159212 035 $a(CaONFJC)MIL75012 035 $a(EXLCZ)991000000000352881 100 $a20031223d2004 uy 0 101 0 $aeng 135 $aur|n|---||||| 181 $ctxt 182 $cc 183 $acr 200 10$aCharacters$b[electronic resource] /$fTheophrastus ; edited with introduction, translation and commentary by James Diggle 210 $aNew York $cCambridge University Press$d2004 215 $a1 online resource (610 p.) 225 1 $aCambridge classical texts and commentaries ;$v41 300 $aDescription based upon print version of record. 311 $a0-521-83980-7 320 $aIncludes bibliographical references and indexes. 327 $aCOVER; HALF-TITLE; TITLE; COPYRIGHT; CONTENTS; PREFACE; INTRODUCTION; TEXT AND TRANSLATION; COMMENTARY; ABBREVIATIONS AND BIBLIOGRAPHY; INDEXES 330 $aThis work is a collection of character-sketches of those who might be met in Athens in the late fourth century BC. This edition presents a radically improved text and a translation which, while readable, maintains the nuances of the Greek. The commentary is comprehensive, covering every feature of the text. 410 0$aCambridge classical texts and commentaries ;$v41. 606 $aCharacter sketches 606 $aGreek literature 608 $aElectronic books. 615 0$aCharacter sketches. 615 0$aGreek literature. 676 $a888/.0108 700 $aTheophrastus$069807 701 $aDiggle$b James$0164188 801 0$bMiAaPQ 801 1$bMiAaPQ 801 2$bMiAaPQ 906 $aBOOK 912 $a9910457575403321 996 $aCharacters$92450760 997 $aUNINA LEADER 03047 am 2200757 n 450 001 9910341148803321 005 20190919 010 $a2-8028-0521-5 024 7 $a10.4000/books.pusl.25930 035 $a(CKB)4100000009365925 035 $a(FrMaCLE)OB-pusl-25930 035 $a(oapen)https://directory.doabooks.org/handle/20.500.12854/59215 035 $a(PPN)23868850X 035 $a(EXLCZ)994100000009365925 100 $a20190920j|||||||| ||| 0 101 0 $afre 135 $auu||||||m|||| 181 $ctxt$2rdacontent 182 $cc$2rdamedia 183 $acr$2rdacarrier 200 14$aLes sens de la peine /$fDiane Bernard, Kevin Ladd 210 $aBruxelles $cPresses de l?Université Saint-Louis$d2019 215 $a1 online resource (516 p.) 311 $a2-8028-0237-2 330 $aMarquant un décalage à l'égard d'une littérature massivement consacrée à la définition et à la justification critique de la peine, ce volume vise à interroger la pluralité de(s) sens de la peine, à partir d'une réflexion sur la double polysémie des « sens » de la « peine ». Sont ainsi élucidés les sens social, politique ou civique de la peine imposée (1), la dimension sensible de la peine vécue (2) et l'orientation donnée au phénomène pénal (3). Le pari est ici que la distinction entre ces trois acceptions permet de dépasser la dénonciation de nos pratiques pénales contemporaines « insensées » : c'est en une pluralité de sens que doit se dresser ce constat et se dire ce déficit de sens - tant scientifiquement, par une dialectique entre disciplines et points de vue, que politiquement, au nom de la démocratie. 606 $aLaw 606 $asociologie 606 $aprison 606 $ajustice pénale 606 $ahistoire du droit 606 $apeine 606 $apolitique criminelle 610 $apeine 610 $apolitique criminelle 610 $ajustice pénale 610 $ahistoire du droit 610 $aprison 610 $asociologie 615 4$aLaw 615 4$asociologie 615 4$aprison 615 4$ajustice pénale 615 4$ahistoire du droit 615 4$apeine 615 4$apolitique criminelle 700 $aBernard$b Diane$0753501 701 $aDevresse$b Marie-Sophie$01297428 701 $aDhaeyer$b Paul$01297429 701 $aFerrand$b Jérôme$01297430 701 $aGautron$b Virginie$01297431 701 $aKenz$b David El$01297432 701 $aKinombe$b Charles Kakule$01297433 701 $aLadd$b Kevin$01297434 701 $aLehalle$b Sandra$01081274 701 $aLeroy$b Aude$01297435 701 $aMégret$b Frédéric$01297436 701 $aRazac$b Olivier$0606901 701 $aSlingeneyer$b Thibaut$01297437 701 $aVigour$b Cécile$01297438 701 $aBernard$b Diane$0753501 701 $aLadd$b Kevin$01297434 801 0$bFR-FrMaCLE 906 $aBOOK 912 $a9910341148803321 996 $aLes sens de la peine$93024483 997 $aUNINA